| 000 | 01117nam a2200277 i 4500 | ||
|---|---|---|---|
| 003 | DO-SdBNP | ||
| 005 | 20250306122335.0 | ||
| 007 | ta | ||
| 008 | 220619b |||||||| |||| 00| 0 eng d | ||
| 020 | _a9789945931006 | ||
| 040 |
_aDO-SdBNP _bspa _cBNPHU _erda |
||
| 082 | 4 |
_a796.097293 _bR744h _222 |
|
| 100 | 1 |
_aRolando, Miranda, _eautor _4aut. _981880 |
|
| 245 | 1 | 0 |
_aHistoria deportiva de la UNPHU : 1968-2019 / _cRolando Miranda ; prólogo, Thimo Pimentel ; edición, Nathalie Almonte Pérez. |
| 264 | 1 |
_aSanto Domingo : _bUNPHU, _c2022. |
|
| 300 |
_a444 páginas : _bilustraciones, cuadros, fotos, retratos ; _c30 cm. |
||
| 336 |
_atexto _btxt _2rdacontent |
||
| 337 |
_asin mediación _bn _2rdamedia |
||
| 338 |
_avolumen _bnc _2rdacarrier |
||
| 610 | 2 | 0 |
_aUniversidad Nacional Pedro Henríquez Ureña _xHistoria _y1968-2019 _983980 |
| 650 | 4 |
_aDeportes _zRepública Dominicana _xHistoria _y1968-2919 _981882 |
|
| 700 | 1 |
_aPimentel, Thimo, _eprologuista _4pr. _96477 |
|
| 700 | 1 |
_aPérez, Nathalie Almonte, _eeditor _4ed. _981883 |
|
| 710 | 2 |
_aUniversidad Nacional Pedro Henríquez Ureña _983980 |
|
| 942 |
_2ddc _cLBS1 |
||
| 999 |
_c52065 _d52065 |
||